El aguijón del diablo (Registro nro. 242668)

Detalles MARC
000 -ENCABEZADO
Número de control [NR] 00758 a2200229 4500
005 - FECHA Y HORA DE LA ÚLTIMA TRANSACCIÓN
control field 20180312142018.0
008 - DE LONGITUD FIJA DE DATOS DE ELEMENTOS - INFORMACIÓN GENERAL
Elementos de longitud fija [NR] 140512s1991 sp ||||gr|||| 00| j spa d
020 ## - NUMERO INTERNACIONAL NORMALIZADO PARA LIBROS [R]
Número Internacional Normalizado del libro [NR] 8420447145
040 ## - FUENTE DE CATALOGACION [NR]
Agencia de catalogación original [NR] CO-BoUCM
Idioma de catalogación [NR] spa
Quien Cataloga Jose A. Gerena
Quien Clasifica Jose A. Gerena
041 ## - CODIGO DE IDIOMA [R]
Código de idioma para texto/pista de sonido o título separado [R] Español
100 1# - ASIENTO PRINCIPAL--NOMBRE PERSONAL [NR]
Nombre personal [NR] Alcántara, Ricardo
ID Autoridad 40274
245 13 - MENCION DE TITULO [NR]
Título [NR] El aguijón del diablo
Mención de responsabilidad, etc. [NR] Ricardo Alcántara
260 ## - PUBLICACION, DISTRIBUCION, ETC. (PIE DE IMPRENTA) [R]
Fecha de publicación, distribución, etc. [R] 1991
Nombre del editor, distribuidor, etc. [R] Alfaguara
Lugar de publicación, distribución, etc. [R] Madrid (España)
300 ## - DESCRIPCION FISICA [R]
Extensión [R] 150 páginas
490 ## - MENCION DE SERIE [R]
Mención de serie [R] Juvenil Alfaguara
Designación numérica/secuencial del volumen [NR] 423
650 #7 - ASIENTO SECUNDARIO DE MATERIA - TERMINO TEMATICO [R]
9 (RLIN) 15550
Término temático o nombre geográfico como elemento de entrada [NR] Familia en la literatura
650 #7 - ASIENTO SECUNDARIO DE MATERIA - TERMINO TEMATICO [R]
9 (RLIN) 18753
Término temático o nombre geográfico como elemento de entrada [NR] Literatura uruguaya
650 #7 - ASIENTO SECUNDARIO DE MATERIA - TERMINO TEMATICO [R]
9 (RLIN) 7795
Término temático o nombre geográfico como elemento de entrada [NR] Literatura juvenil
690 ## - ASUNTO AGREGADO LOCAL DE ENTRADA - TÉRMINO TEMÁTICO (OCLC, RLIN)
9 (RLIN) 42866
Acceso temático local Literatura latinoamericana
942 ## - ELEMENTOS DE ENTRADA AGREGADOS (KOHA)
Tema principal Literatura
Tipo de ítem principal el descrito en 300a Libro
Edición 1
Parte restante de la signatura top. A353ag
Sistema de clasificación DEWEY
Clasificación 868.44
Título oculto en OPAC No
Existencias
Fecha de último préstamo Total préstamos Signatura topográfica Código de barras Última vez visto Ejemplar Costo de reposición Price effective from Tipo de ítem Nota pública (OPAC) Perdido Sistema de clasificación Dañado No prestable Tipo de ítem específico Suprimido Ubicación habitual Ubicación actual Localización Fecha de creación Proveedor Forma de adquisición Costo
16/02/2018 1 A 868.44 A353ag 200027672 11/12/2025 Ej.1 26000.00 09/05/2014 Libro Spot Literatura Infantil   DEWEY     Libro   Quinta de Mutis Quinta de Mutis Mezanecs 09/05/2014 12 Donación 0.00